[Event "ch-CRC"]
[Site "San Jose CRC"]
[Date "2004.07.15"]
[Round "8"]
[White "Jimenez,Ju"]
[Black "Charpentier,W"]
[Result "0-1"]
[WhiteElo "2176"]
[BlackElo "2223"]

1.Nf3 d5 2.d4 c6 3.c4 dxc4 4.e4 Nf6 5.e5 Nd5 6.Bxc4 Bg4 7.h3 Bxf3 8.Qxf3 e6
9.O-O Nd7 10.Nc3 N7b6 11.Bb3 h6 12.Be3 Qd7 13.Rad1 O-O-O 14.Qe4 Kb8 15.f4 g6
16.Kh1 h5 17.Qf3 Ne7 18.Rf2 Nf5 19.Rfd2 Nd5 20.Nxd5 cxd5 21.Rc1 Bb4 22.Rdd1 Ba5
23.Bc2 Bb6 24.Bb1 Qb5 25.b3 Qb4 26.Qf2 Nxe3 27.Qxe3 Rc8 28.Rxc8+ Rxc8 29.Kh2 a5
30.Qd2 Qxd2 31.Rxd2 Rc3 32.Bc2 Bxd4 33.g3 Re3  0-1

[Event "ITT Copa CMSalud"]
[Site "Vicente Lopez ARG"]
[Date "2004.07.15"]
[Round "7"]
[White "De Dovitiis,A"]
[Black "Larrea,M"]
[Result "1-0"]
[WhiteElo "2356"]
[BlackElo "2224"]

1.d4 d5 2.Nf3 Nf6 3.c4 c6 4.Qc2 g6 5.e3 Bg7 6.Nbd2 O-O 7.Bd3 Na6 8.a3 c5
9.O-O cxd4 10.exd4 Nc7 11.Re1 Ne6 12.Nb3 Bd7 13.c5 Ba4 14.Qc3 b6 15.cxb6 axb6
16.Nbd2 Qd6 17.b3 Bd7 18.Ne5 Rfc8 19.Qb2 Nf4 20.Bb1 Bb5 21.Ndf3 Ne2+ 22.Rxe2 Bxe2
23.Ng5 Qc7 24.Bd2 Ng4 25.Ngxf7 Rf8 26.Nxg4 Bxg4 27.Nh6+ Bxh6 28.Bxh6 Rf7
29.Bd3 Bf5 30.Bb5 Qd6 31.b4 Qf6 32.Qd2 e5 33.dxe5 Qxe5 34.Re1 Qd6 35.Bf4 Qf6
36.Bg5 Qd6 37.Bf4 Qf6 38.Be5 Qd8 39.Bb2 h5 40.Bc6 Rc8 41.Bxd5 Kh7 42.Qd4 Rd7
43.Qe5 Rc2 44.Bb3 Rcd2  1-0

[Event "ACT Open"]
[Site "Amsterdam NED"]
[Date "2004.07.17"]
[Round "1"]
[White "Chuchelov,V"]
[Black "Witt,Rob"]
[Result "1/2-1/2"]
[WhiteElo "2574"]
[BlackElo "2287"]

1.Nf3 Nf6 2.c4 c6 3.d4 d5 4.Qc2 g6 5.Bf4 Bg7 6.e3 O-O 7.Nc3 Na6 8.h3 dxc4
9.Bxc4 b5 10.Be2 Nb4 11.Qb3 Qa5 12.O-O Be6 13.Qd1 Nbd5 14.Nxd5 Bxd5 15.Be5 Rfd8
16.Qc2 Be4 17.Qc1 Rac8 18.a3 Qb6 19.b4 Bf8 20.Nd2 Bd5 21.Qb2 a5 22.bxa5 Qxa5
23.Rfc1 Nd7 24.Bf4 Bg7 25.Bg5 f6 26.Bh4 Nb6 27.Nb3 Qa7 28.Nc5 Na4 29.Nxa4 Qxa4
30.Qb4 Qxb4 31.axb4 Ra8 32.f3 Bh6 33.Kf2 Kf7 34.Bg3 Rdc8 35.Bd3 Ke8 36.Ke2 Kd7
37.Be1 Ba2 38.Bd2 Ra4 39.h4 Rca8 40.h5 Bf7 41.Rab1 gxh5 42.Bxh7 Bc4+ 43.Bd3 Bxd3+
44.Kxd3 Ra2 45.Rc5  1/2-1/2

[Event "Glassy Stream Open"]
[Site "Kharkov UKR"]
[Date "2004.07.17"]
[Round "9"]
[White "Bely,A"]
[Black "Ermolaev,A"]
[Result "0-1"]
[WhiteElo "2122"]
[BlackElo "2315"]

1.d4 d5 2.c4 c6 3.Nf3 Nf6 4.Qc2 g6 5.Bf4 Na6 6.e3 Bf5 7.Qb3 Nb4 8.Na3 Qa5
9.O-O-O Ne4 10.Bg3 Bg7 11.Nh4 Bd7 12.Bd3 c5 13.Nc2 Nxd3+ 14.Qxd3 Qxa2 15.cxd5 Nxg3
16.hxg3 cxd4 17.e4 Rc8 18.Qa3 Qxa3 19.bxa3 Ba4  0-1

[Event "JunCh-USA"]
[Site "Lindsborg USA"]
[Date "2004.07.21"]
[Round "3"]
[White "Benen,S"]
[Black "Milman,L"]
[Result "1/2-1/2"]
[WhiteElo "2323"]
[BlackElo "2428"]

1.d4 d5 2.Nf3 Nf6 3.c4 c6 4.Qc2 dxc4 5.Qxc4 Bf5 6.g3 e6 7.Bg2 Nbd7 8.O-O Be7
9.e3 O-O 10.Qe2 Ne4 11.Ne1 Bg6 12.Nd3 Qb6 13.Nf4 Ndf6 14.Nxg6 hxg6 15.Nc3  1/2-1/2

[Event "ACT Open"]
[Site "Amsterdam NED"]
[Date "2004.07.23"]
[Round "7"]
[White "Gagunashvili,M"]
[Black "Willemze,J"]
[Result "1-0"]
[WhiteElo "2580"]
[BlackElo "2422"]

1.d4 d5 2.c4 c6 3.Nf3 Nf6 4.Qb3 e6 5.g3 dxc4 6.Qxc4 b5 7.Qc2 Bb7 8.Bg2 Nbd7
9.a4 bxa4 10.O-O c5 11.Rd1 cxd4 12.Bg5 Bc5 13.Nxd4 Bxg2 14.Kxg2 Rc8 15.Nf3 Qb6
16.Bxf6 Nxf6 17.Qxa4+ Qc6 18.Rc1 Qxa4 19.Rxa4  1-0

[Event "ACT Open"]
[Site "Amsterdam NED"]
[Date "2004.07.24"]
[Round "8"]
[White "Monteban,M"]
[Black "Ris,R"]
[Result "1/2-1/2"]
[WhiteElo "2234"]
[BlackElo "2336"]

1.d4 Nf6 2.Nf3 d5 3.c4 c6 4.Qc2 dxc4 5.Qxc4 Bf5 6.Nc3 Nbd7 7.g3 e6 8.Bg2 Be7
9.O-O Ne4 10.e3 O-O 11.Nd2 Nxc3 12.Qxc3 Bg6 13.Nb3 Qb6 14.e4 a5 15.Be3 Qb4
16.Qc2 a4 17.Nc1 h6 18.Nd3 Qa5 19.Rfd1 Rfd8 20.Bd2 Qb6 21.Bc3 Bh7 22.Qe2 Nf6
23.Rac1 Qb5 24.h3 Rac8 25.Qe3 Bf8 26.f3 Nd7 27.Bf1 Qb6 28.Qe1 Qa7 29.Kg2 Be7
30.Ba5 b6 31.Bc3 Bg5 32.f4 Be7 33.Kh2 c5 34.Bg2 Qa6 35.dxc5 Nxc5 36.Nxc5 Bxc5
37.Rxd8+ Rxd8 38.Rd1 Qc8  1/2-1/2

[Event "Politiken Cup"]
[Site "Copenhagen DEN"]
[Date "2004.07.25"]
[Round "3"]
[White "Jakobsen,O"]
[Black "Borchgrevink,H"]
[Result "1/2-1/2"]
[WhiteElo "2379"]
[BlackElo "2227"]

1.d4 d5 2.Nf3 c6 3.Nbd2 Nf6 4.c4 Bf5 5.g3 e6 6.Bg2 h6 7.O-O Be7 8.b3 O-O
9.Bb2 Nbd7 10.a4 a5 11.Ba3 Bxa3 12.Rxa3 Qe7 13.Qa1 Ne4 14.Ra2 Qb4 15.Nxe4 Bxe4
16.Nd2 Bxg2 17.Kxg2 c5 18.e3 cxd4 19.exd4 Nf6 20.Rc1 Rfd8 21.Rac2 Rac8 22.Qc3 Qxc3
23.Rxc3 dxc4 24.Rxc4 Rb8 25.b4 b5 26.axb5 Rxb5 27.bxa5  1/2-1/2

[Event "7th Open"]
[Site "Korinthos GRE"]
[Date "2004.07.26"]
[Round "6"]
[White "Jeremic,V"]
[Black "Dobrov,V"]
[Result "1/2-1/2"]
[WhiteElo "2503"]
[BlackElo "2495"]

1.d4 Nf6 2.c4 c6 3.Nf3 d5 4.Qc2 dxc4 5.Qxc4 Bg4 6.Nbd2 Nbd7 7.g3 e6 8.Bg2 Be7
9.O-O O-O 10.b3 a5 11.a3 h6 12.Bb2 Bf5 13.Rfd1 Qc7 14.Ne5 Rfd8 15.e4 Bh7
16.Qe2 Nxe5 17.dxe5 Nd7 18.Nc4 b5 19.Nd6 Nxe5 20.Bxe5 Bxd6 21.Rxd6 Rxd6 22.Bxd6 Qxd6
23.e5 Qc5 24.Qb2 Rc8 25.Rc1 Qb6 26.b4 c5 27.Qd4 axb4 28.axb4 Qb8 29.Rxc5 Rd8
30.Qa1  1/2-1/2

[Event "Open Dutch Champ"]
[Site "Dieren NED"]
[Date "2004.07.28"]
[Round "2"]
[White "Van der Werf,M"]
[Black "Bensdorp,M"]
[Result "1-0"]
[WhiteElo "2418"]
[BlackElo "2238"]

1.Nf3 d5 2.d4 c6 3.c4 Nf6 4.Qc2 e6 5.Bg5 Be7 6.Nc3 Nbd7 7.e3 O-O 8.Rd1 b6
9.Bd3 Bb7 10.O-O h6 11.Bh4 Rc8 12.Bg3 dxc4 13.Bxc4 b5 14.Be2 a6 15.e4 Qb6
16.Bh4 Rfe8 17.e5 Nd5 18.Bxe7 Nxc3 19.Qxc3 Rxe7 20.b4 Qd8 21.Nd2 a5 22.a3 axb4
23.axb4 Nb6 24.Nb3 Ra8 25.Na5 Nd5 26.Qc5 Qc7 27.Bf3 Rd7 28.Ra1 Rad8 29.Nb3 Ne7
30.Ra7 Qb8 31.Raa1 Qc7 32.Be4 Nd5 33.g3 Nb6 34.Rfd1 Nc4 35.Na5 Nxa5 36.Rxa5 Qc8
37.h4 h5 38.Ra3 Qc7 39.Kh2 Rc8 40.Ra7 Qd8 41.Ra3 Qc7 42.Bf3 g6 43.Be4 Qd8
44.Rf3 Kg7 45.Rf6 Qf8 46.Qc3 Qh8 47.Qf3 Rcc7 48.Rd3 Qh6 49.Qd1 Rd8 50.Qe1 Bc8
51.Qc3 Bb7 52.d5 exd5 53.e6 Kf8 54.Bxg6  1-0

[Event "Politiken Cup"]
[Site "Copenhagen DEN"]
[Date "2004.07.30"]
[Round "8"]
[White "Bjarnason,S"]
[Black "Hammer,J"]
[Result "1-0"]
[WhiteElo "2318"]
[BlackElo "2095"]

1.d4 d5 2.c4 c6 3.Nf3 Nf6 4.Qc2 g6 5.Bf4 Na6 6.cxd5 Bf5 7.Qb3 Nxd5 8.Bd2 Qb6
9.Qxb6 axb6 10.Nc3 e6 11.e4 Nab4 12.Kd1 Nxa2 13.Nxa2 Bxe4 14.Bc4 Bg7 15.Ke2 b5
16.Bb3 Bxf3+ 17.Kxf3 Bxd4 18.Nc3 Kd7 19.Rhd1 Be5 20.h3 Ra6 21.Rab1 f5 22.Ne2 Re8
23.Bc3 Bd6 24.g3 Nxc3 25.Nxc3 e5 26.Rd2 Rd8 27.g4 Ke7 28.gxf5 gxf5 29.Rg1 Kf6
30.Rgd1 Ke7 31.Bc2 e4+ 32.Ke2 Raa8 33.f3 b4 34.Nb1 Be5 35.Rxd8 Rxd8 36.Rxd8 Kxd8
37.b3 h5 38.fxe4 fxe4 39.Bxe4 h4 40.Nd2 Kc7 41.Kf3 b5 42.Kg4 Bf6 43.Nf3 c5
44.Nxh4 c4 45.Ng6 Kd6 46.Kf5 Bb2 47.h4 cxb3 48.h5 Bg7 49.Nf4 Bf8 50.Nd3 Bh6
51.Kg6 Bd2 52.h6 Bxh6 53.Kxh6 b2 54.Nf2 b1=Q 55.Bxb1 Ke5 56.Kg5 Kd4 57.Nd1 b3
58.Kf4 b4 59.Kf3 Ke5 60.Ke3 Kf6 61.Kf4 Kg7 62.Kg5 Kh8 63.Kf6 Kg8 64.Nb2 Kh8
65.Nd3 Kg8 66.Nxb4 Kh8 67.Nd3 Kg8 68.Nc5 Kh8 69.Nxb3 Kg8 70.Nc5 Kh8 71.Nd7 Kg8
72.Ne5 Kh8 73.Nf7+ Kg8 74.Bc2 Kf8 75.Bh7 Ke8 76.Ne5 Kf8 77.Nd7+ Ke8 78.Ke6 Kd8
79.Kd6 Ke8 80.Bg6+ Kd8 81.Ne5 Kc8 82.Be4 Kd8 83.Bc6 Kc8 84.Bd7+ Kb7 85.Nc4 Ka6
86.Kc7 Ka7 87.Bb5 Ka8 88.Nb6+ Ka7 89.Nc8+ Ka8 90.Bc6+  1-0

[Event "Skanska Open"]
[Site "Pardubice CZE"]
[Date "2004.07.30"]
[Round "8"]
[White "Stocek,J"]
[Black "Zakhartsov,V"]
[Result "1/2-1/2"]
[WhiteElo "2557"]
[BlackElo "2521"]

1.d4 d5 2.c4 c6 3.Nf3 Nf6 4.Qc2 dxc4 5.e4 b5 6.b3 cxb3 7.axb3 e6 8.Bd3 Bb7
9.O-O Be7 10.Bd2 a5 11.Re1 h6 12.Qc1 Nbd7 13.Nc3 b4 14.Ne2 c5 15.d5 exd5
16.exd5 Nxd5 17.Ng3 Kf8 18.Qc4 g6 19.Rad1 Kg7 20.h4 N5b6 21.Qf4 Nd5 22.Qc4 N5b6
23.Qf4 Nd5 24.Qc4 N5b6  1/2-1/2

[Event "Open"]
[Site "Davos SUI"]
[Date "2004.08.01"]
[Round "2"]
[White "Kleibaumhueter,K"]
[Black "Ferguson,M"]
[Result "0-1"]
[WhiteElo "2167"]
[BlackElo "2387"]

1.Nf3 d5 2.d4 Nf6 3.c4 c6 4.Qb3 e6 5.g3 Nbd7 6.Bg2 Be7 7.O-O O-O 8.Rd1 Ne4
9.Nc3 f5 10.Ne1 Kh8 11.Nd3 Bf6 12.cxd5 exd5 13.Nf4 Qe8 14.h4 Qf7 15.Bh3 g6
16.Kg2 Re8 17.Be3 Nb6 18.Nxe4 fxe4 19.Rh1 Nc4 20.h5 g5 21.Ng6+ Kg8 22.Bxc8 Raxc8
23.Ne5 Bxe5 24.dxe5 Nxe3+ 25.Qxe3 Rxe5 26.Rac1 a6 27.h6 Rf8 28.Rcf1 Rf5 29.Rh3 Qf6
30.f4 exf3+ 31.exf3 Qxb2+ 32.Kh1 Re5  0-1

[Event "Liepajas Rokade"]
[Site "Liepaya LAT"]
[Date "2004.08.01"]
[Round "11"]
[White "Kengis,E"]
[Black "Zapolskis,A"]
[Result "1-0"]
[WhiteElo "2563"]
[BlackElo "2344"]

1.Nf3 Nf6 2.c4 c6 3.d4 d5 4.Qc2 dxc4 5.Qxc4 Bf5 6.g3 e6 7.Bg2 Qd5 8.Nbd2 Nbd7
9.O-O Nb6 10.Qb3 Qxb3 11.Nxb3 a5 12.Ne5 Nbd5 13.Bd2 Bb4 14.a3 Bxd2 15.Nxd2 Bg6
16.Ndc4 Ke7 17.Rac1 Ra6 18.Rfd1 Rd8 19.Nxg6+ hxg6 20.Ne5 Nd7 21.Nd3 Rb6 22.Rc2 g5
23.h3 Ra8 24.Rdc1 Rd8 25.e3 N5f6 26.Kf1 Rb5 27.Ke2 e5 28.a4 Rb3 29.dxe5 Ne8
30.Rd1 Nc7 31.f4 f6 32.exf6+ gxf6  1-0

[Event "HZ Open"]
[Site "Vlissingen NED"]
[Date "2004.08.11"]
[Round "6"]
[White "Van den Berg,Hi"]
[Black "Konings,F"]
[Result "0-1"]
[WhiteElo "2024"]
[BlackElo "2200"]

1.d4 d5 2.c4 c6 3.Nf3 Nf6 4.Qc2 g6 5.e3 Bg7 6.Bd3 O-O 7.Nc3 dxc4 8.Bxc4 c5
9.O-O cxd4 10.exd4 Nc6 11.Rd1 Bg4 12.d5 Bxf3 13.gxf3 Ne5 14.Be2 Rc8 15.Qb3 Qd7
16.f4 Neg4 17.Bf3 Qf5 18.h3 Nh6 19.Bg2 Qh5 20.Be3 Nf5 21.Bxa7 Qh4 22.Ne2 Nh5
23.Be3 Nd6 24.Rac1 Bh6 25.Rxc8 Rxc8 26.Rd4 Qf6 27.a4 Ng7 28.Rd3 Ngf5 29.Bd2 Qh4
30.a5 Rc5 31.Qb4 Rb5 32.Qa3 Nc4 33.Qa4 Nfd6 34.b4 Nb2 35.Qc2 Nxd3 36.Qxd3 Bg7
37.Nd4 Bxd4 38.Qxd4 Qh5 39.Bc3 f6 40.Qe3 Kf8 41.Kh2 Qf5 42.Bf3 Qc2 43.Be1 Nf5
44.Qe2 Qxe2 45.Bxe2 Rxd5 46.b5 Nd4 47.Bc4 Rc5 48.a6 bxa6 49.b6 Rxc4  0-1

[Event "14th Open"]
[Site "Abu Dhabi UAE"]
[Date "2004.08.14"]
[Round "1"]
[White "Raetsky,A"]
[Black "Kobalia,M"]
[Result "0-1"]
[WhiteElo "2399"]
[BlackElo "2618"]

1.d4 d5 2.c4 c6 3.Nf3 Nf6 4.Qc2 dxc4 5.Qxc4 Bf5 6.g3 e6 7.Bg2 Be7 8.O-O Nbd7
9.Nc3 O-O 10.e3 b5 11.Qe2 b4 12.Na4 Qa5 13.b3 Qb5 14.Re1 Rac8 15.Bb2 Bd3
16.Qd1 Rfd8 17.Rc1 Qa6 18.Nd2 Bb5 19.Bf1 Qb7 20.Qf3 Qb8 21.Nc4 c5 22.Na5 cxd4
23.Bxd4 Nd5 24.e4 N5f6 25.Bxb5 Qxb5 26.Nc4 Rc7 27.h3 Rdc8 28.Qe2 Nf8 29.Qf1 N8d7
30.Bb2 Qg5 31.Rcd1 Rxc4 32.bxc4 Qa5 33.Rxd7 Nxd7 34.Qd3 Qxa4 35.Rd1 Nc5 36.Qd4 Bf8  0-1

[Event "14th Open"]
[Site "Abu Dhabi UAE"]
[Date "2004.08.15"]
[Round "2"]
[White "Saleh,Nab"]
[Black "Mashinskaya,I"]
[Result "1/2-1/2"]
[WhiteElo "2301"]
[BlackElo "2234"]

1.d4 d5 2.c4 c6 3.Nf3 dxc4 4.e4 b5 5.a4 e6 6.b3 Bb4+ 7.Bd2 Bxd2+ 8.Qxd2 cxb3
9.axb5 cxb5 10.Bxb5+ Bd7 11.Bc4 Nf6 12.Nc3 O-O 13.O-O Bc6 14.Rfe1 Nbd7 15.Bxb3 e5
16.Nd5 Bxd5 17.exd5 exd4 18.Nxd4 Nc5 19.Ba2 Nce4 20.Qd3 Re8 21.h3 Rc8 22.Bc4 Nc5
23.Qf3 Rxe1+ 24.Rxe1 Qd7 25.Nc6 Re8 26.Ra1 a6 27.Bxa6 Qxd5 28.Qxd5 Nxd5 29.Bc4 Nf6
30.Ra7 Ne6 31.Ne7+ Kf8 32.Nf5 g6 33.Nd6 Re7 34.Rxe7 Kxe7  1/2-1/2

[Event "ch-ESP Abierto"]
[Site "Seville ESP"]
[Date "2004.08.18"]
[Round "6"]
[White "Llanes Hurtado,M"]
[Black "Martin Perez,J"]
[Result "1-0"]
[WhiteElo "2397"]
[BlackElo "2223"]

1.d4 d5 2.c4 c6 3.Nf3 Nf6 4.Qc2 Nbd7 5.cxd5 cxd5 6.Bf4 Qa5+ 7.Nbd2 e6 8.e3 Be7
9.Bd3 O-O 10.O-O Nb6 11.Nb3 Qa4 12.Qe2 Nc4 13.Rfc1 b5 14.Nc5 Bxc5 15.dxc5 Qa5
16.b3 Na3 17.Nd4 Ne4 18.f3 Nc3 19.Qe1 b4 20.Bd6 Qd8 21.Nc6 Qg5 22.Nxb4 Ncb5
23.Bxf8 Kxf8 24.Nc2 Nxc2 25.Rxc2 Nc7 26.f4  1-0

[Event "Open"]
[Site "Vladimir RUS"]
[Date "2004.08.18"]
[Round "1"]
[White "Kiselev,G"]
[Black "Schepetkova,M"]
[Result "1-0"]
[WhiteElo "2442"]
[BlackElo "2112"]

1.d4 d5 2.c4 c6 3.Nf3 Nf6 4.Qc2 e6 5.g3 Be7 6.Bg2 Nbd7 7.O-O O-O 8.Nbd2 b6
9.e4 dxe4 10.Nxe4 Bb7 11.Rd1 Qc8 12.Bf4 Nxe4 13.Qxe4 Nf6 14.Qe2 Rd8 15.Bh3 h6
16.Rac1 Ba6 17.Ne5 Bd6 18.Qf3 Bb7 19.Bg2 Bxe5 20.dxe5 Ne8 21.Qg4 Kh8 22.Qh4 Qc7
23.Bxh6 gxh6 24.Qxh6+ Kg8 25.Be4 f6 26.exf6 Qf7 27.Qg5+ Kf8 28.Qh6+ Kg8 29.Bg6 Qxf6
30.Qh7+ Kf8 31.Bxe8 Rxd1+ 32.Rxd1 Rxe8 33.Qxb7 Qxb2 34.Qxc6 Qxa2 35.Rd7 Re7
36.Rd8+ Kg7 37.Qe4 Rf7 38.Qe5+ Rf6 39.Rd7+ Kg6 40.Qe4+ Kh5 41.Rh7+  1-0

[Event "2nd Misr Closed"]
[Site "Ismailia EGY"]
[Date "2004.08.19"]
[Round "5"]
[White "Ivanov,MM"]
[Black "Grigoriants,S RUS"]
[Result "1/2-1/2"]
[WhiteElo "2463"]
[BlackElo "2530"]

1.d4 d5 2.c4 c6 3.Nf3 Nf6 4.Qc2 g6 5.cxd5 cxd5 6.Bf4 Nc6 7.e3 Bg7 8.Be2 O-O
9.Nc3 Ne4 10.O-O Bf5  1/2-1/2

[Event "ch-ESP Abierto"]
[Site "Seville ESP"]
[Date "2004.08.20"]
[Round "8"]
[White "Martin Vazquez,J"]
[Black "Escobar Dominguez,D"]
[Result "1/2-1/2"]
[WhiteElo "2191"]
[BlackElo "2339"]

1.d4 d5 2.c4 c6 3.Nf3 Nf6 4.Qc2 dxc4 5.e4 b5 6.b3 cxb3 7.axb3 e6 8.Bd2 a5
9.Bd3 Bb7 10.O-O Be7 11.Nc3 b4 12.e5 bxc3 13.exf6 Bxf6 14.Bxc3 Nd7 15.Nd2 Nb6
16.Rxa5 Bxd4 17.Rxa8 Bxa8 18.Bxd4 Qxd4 19.Nf3 Qf6 20.Qc5 Nd5 21.Qa3 Bb7 22.Qa7 Bc8
23.Qc5 Bd7 24.Qd6 Qe7 25.Qb8+ Qd8 26.Qd6 Qc7 27.Qa3 f6 28.Qa8+ Qd8 29.Ra1 Ke7
30.Qa3+ Kf7 31.Qd6 Qc7 32.Qxc7 Nxc7 33.Ra7 Rc8 34.Bxh7 g6 35.Nh4 g5 36.Ng6 Ra8
37.Rxa8 Nxa8 38.h4 Kg7 39.hxg5 Be8 40.gxf6+ Kxh7 41.Nf8+ Kg8 42.Nxe6 Kf7
43.Nc5 Kxf6 44.f4 Kf5 45.g3 Nc7 46.Kf2 Nd5 47.Nb7 Kg4 48.Nd6 Bg6 49.Nc4 Kf5
50.Ne5 Be8 51.Kf3 Nf6 52.b4 Ke6 53.g4 Kd5 54.Ke3 Ne4 55.g5 Nd6 56.g6 Nf5+
57.Kd3 Ng7 58.Ke3 Nf5+ 59.Kd3 Ng7 60.Ke3 Nf5+  1/2-1/2

[Event "52nd ch-HUN w"]
[Site "Budapest HUN"]
[Date "2004.08.22"]
[Round "4"]
[White "Ignacz,M"]
[Black "Gara,T"]
[Result "1/2-1/2"]
[WhiteElo "2193"]
[BlackElo "2291"]

1.d4 d5 2.c4 dxc4 3.Nf3 c6 4.a4 b5 5.e3 e6 6.axb5 cxb5 7.b3 Nf6 8.bxc4 bxc4
9.Bxc4 Be7 10.O-O O-O 11.Nbd2 Nbd7 12.Qe2 Nb6 13.Ba3 Nxc4 14.Nxc4 Bb7 15.Nfe5 Bd5
16.Nd2 Nd7 17.Nd3 Bxa3 18.Rxa3 Qe7 19.Rfa1 Nb6 20.e4 Bc4 21.Nxc4 Nxc4 22.Ra4 Nb6
23.Ra6 Qd7 24.Qb2 Rfd8 25.Ne5 Qb7 26.h3 Rdb8 27.Qe2 h6 28.Qa2 Qxe4 29.Rxa7 Rf8
30.Qb2 Rxa7 31.Rxa7 Nd5 32.g3 h5 33.h4 Nf6 34.Qb4 Qe2 35.Qc4 Qe1+ 36.Kg2 Ne4
37.Ra2 Nd6 38.Qc6 Qe4+ 39.Qxe4 Nxe4 40.Kf3 Nd6 41.Ra6 Nf5 42.Ke4 g6 43.Ra7 Kg7
44.Rd7 Kf6 45.Kf4 Ne7 46.Ra7 Nd5+  1/2-1/2

[Event "14th Open"]
[Site "Abu Dhabi UAE"]
[Date "2004.08.23"]
[Round "9"]
[White "Harikrishna,P"]
[Black "Gleizerov,E"]
[Result "1-0"]
[WhiteElo "2609"]
[BlackElo "2539"]

1.Nf3 d5 2.d4 c6 3.c4 dxc4 4.e3 Be6 5.Nc3 b5 6.a4 b4 7.Ne4 Nf6 8.Nc5 Bd5
9.Qc2 b3 10.Qc3 Nbd7 11.Bxc4 Nxc5 12.Bxd5 Qxd5 13.Qxc5 e6 14.Qxd5 cxd5 15.Bd2 Bd6
16.Ke2 Ke7 17.Rhc1 Rhc8 18.Ba5 Nd7 19.Nd2 Rab8 20.Kd3 e5 21.Rxc8 e4+ 22.Kc3 Rxc8+
23.Kxb3 f5 24.h3 f4 25.exf4 Bxf4 26.Re1 Nf6 27.Nf1 Kd7 28.Ne3 Bxe3 29.Rxe3 Ne8
30.Rc3 Rb8+ 31.Ka3 Nd6 32.Rc7+ Ke6 33.b3 Rb7 34.Rxb7 Nxb7 35.Bc7 Kd7 36.Be5 g6
37.b4 a6 38.b5 a5 39.Kb3 Ke6 40.Kc3 h5 41.Kd2 g5 42.Ke3 Kf5 43.f3 exf3 44.Kxf3 Ke6
45.h4 Kf5 46.hxg5 Kxg5 47.Bf4+ Kg6 48.g4 hxg4+ 49.Kxg4 Kf6 50.Bc7 Ke6 51.Kg5 Kd7
52.b6 Ke6 53.Kg6  1-0

[Event "Open"]
[Site "Vladimir RUS"]
[Date "2004.08.24"]
[Round "7"]
[White "Feoktistov,A"]
[Black "Yevseev,D"]
[Result "1/2-1/2"]
[WhiteElo "2420"]
[BlackElo "2564"]

1.d4 d5 2.c4 c6 3.Nf3 Nf6 4.Nbd2 Bf5 5.g3 e6 6.Bg2 h6 7.O-O Be7 8.b3 O-O
9.Bb2 a5 10.Qc1 Nbd7 11.Ne5 Bh7 12.f4 Qb6 13.Nxd7 Nxd7 14.e4 dxe4 15.Nxe4 Nf6
16.Nf2 a4 17.c5 Qb5 18.Re1 axb3 19.Bf1 Qa4 20.axb3 Qxb3 21.Re3 Qc2 22.Qxc2 Bxc2
23.Rea3 Rxa3 24.Rxa3 Nd5 25.Ra7 Rb8 26.Bg2 g5 27.Ng4 gxf4 28.Ne5 fxg3 29.hxg3 Bg5
30.Nd7 Rd8 31.Rxb7 Ba4 32.Ne5 Ne7 33.Kf2 Bb5 34.Ra7 Bf6 35.Ng4 Bxd4+ 36.Bxd4 Rxd4
37.Nf6+ Kf8 38.Nh7+ Ke8 39.Ra8+ Kd7 40.Nf6+ Kc7 41.Rf8 Rd2+ 42.Kg1 Nf5 43.Rxf7+ Kd8
44.Ne4 Rc2 45.g4 Nh4 46.Bh1 Bc4 47.Nd6 Bd5 48.Be4 Bxe4 49.Rf8+ Kc7 50.Rf7+ Kb8
51.Nxe4 Rg2+ 52.Kf1 Rxg4 53.Nd6 Rg5 54.Rf8+  1/2-1/2

[Event "I Fincas Mediterranea"]
[Site "Castelldefels ESP"]
[Date "2004.08.25"]
[Round "8"]
[White "Hernando Rodrigo,Jo"]
[Black "Navarro Perez,M"]
[Result "1-0"]
[WhiteElo "2381"]
[BlackElo "2075"]

1.d4 d5 2.c4 c6 3.Nf3 Nf6 4.g3 Bf5 5.Nc3 e6 6.Qb3 Qb6 7.c5 Qxb3 8.axb3 Ne4
9.g4 Bxg4 10.Nxe4 Bxf3 11.exf3 dxe4 12.fxe4 e5 13.Be3 Nd7 14.b4 Be7 15.d5 f5
16.dxc6 bxc6 17.exf5 Nf6 18.Ra6 Nd5 19.Bd2 Kd7 20.Bg2 Rhb8 21.O-O Kc7 22.Rd1 Kb7  1-0

[Event "Open"]
[Site "Vladimir RUS"]
[Date "2004.08.25"]
[Round "8"]
[White "Gavrilov,Al1"]
[Black "Prizant,Ja"]
[Result "1/2-1/2"]
[WhiteElo "2441"]
[BlackElo "2469"]

1.d4 d5 2.c4 c6 3.Nf3 Nf6 4.Qc2 dxc4 5.Qxc4 Bf5 6.g3 e6 7.Bg2 Nbd7 8.O-O Be7
9.Nc3 O-O 10.Qb3 Qb6 11.Nd2 Rfd8 12.Nc4 Qa6 13.Bg5 Nb6 14.Nxb6 Qxb6 15.e4 Bg6
16.Rfd1 Qxb3 17.axb3 Kf8 18.f3 Nd7 19.Bxe7+ Kxe7 20.b4 f6 21.Kf2 Bf7 22.f4 Nb6
23.b5 cxb5 24.Nxb5 a6 25.Nc3 e5 26.fxe5 fxe5 27.dxe5 Nc4 28.Nd5+ Bxd5 29.exd5 Nxe5
30.d6+  1/2-1/2

[Event "8th WUCC"]
[Site "Instanbul TUR"]
[Date "2004.09.06"]
[Round "3"]
[White "Jianu,V"]
[Black "Bucher,D"]
[Result "1-0"]
[WhiteElo "2429"]
[BlackElo "2357"]

1.d4 d5 2.c4 c6 3.Nf3 Nf6 4.Qc2 g6 5.Bf4 Bg7 6.e3 Nh5 7.Bg3 Nxg3 8.hxg3 a6
9.Nbd2 Bf5 10.Qb3 Ra7 11.Be2 Qa5 12.cxd5 cxd5 13.Rc1 O-O 14.O-O Nd7 15.Rc3 b5
16.Qa3 Qb6 17.Qb4 Rb8 18.Rfc1 e5 19.Rc6 Qb7 20.dxe5 Nxe5 21.Nxe5 Bxe5 22.Nf3 Bg7
23.Nd4 Bd7 24.R6c2 a5 25.Qd2 b4 26.Bf3 Be8 27.Ne2 Rd8 28.Rc5 Qa6 29.Rxd5 Rxd5
30.Bxd5 Rd7 31.e4 Be5 32.Nf4 Kg7 33.Nd3 Bd4 34.Nxb4 Qf6 35.Nd3 Re7 36.Qxa5 Qg5
37.Rc4 Rxe4 38.Qa8 Re3 39.Rxd4 Rxd3 40.Qxe8 Qc1+ 41.Kh2 Rxd4 42.Qe5+  1-0

[Event "Open"]
[Site "Pune IND"]
[Date "2004.09.07"]
[Round "5"]
[White "Fominyh,A"]
[Black "Sriram,J"]
[Result "1-0"]
[WhiteElo "2546"]
[BlackElo "2393"]

1.d4 d5 2.Nf3 Nf6 3.c4 c6 4.Qc2 g6 5.Bf4 dxc4 6.Qxc4 Bg7 7.Nbd2 O-O 8.e4 Na6
9.Be2 c5 10.dxc5 Be6 11.Qb5 Rc8 12.c6 Rxc6 13.Qxb7 Qc8 14.Qxa7 Nh5 15.Be3 Bxb2
16.Rd1 Rd8 17.Qxe7 Nf6 18.Bxa6 Rxa6 19.O-O Rd7 20.Qb4 Rb7 21.Qc5 Qxc5 22.Bxc5 Bxa2
23.e5 Nd7 24.Ne4 Kg7 25.Bd4 Bxd4 26.Rxd4 Ra5 27.Nd6 Rba7 28.Re1 Bd5 29.Nd2 Be6
30.f4 Ra2 31.N2e4 Rc2 32.Red1 Raa2 33.R1d2 Rxd2 34.Nxd2 f6 35.Ne8+ Kf7 36.Nxf6 Nxf6
37.exf6 Kxf6 38.Ne4+ Ke7 39.h4 Bd7 40.Nc3 Rc2 41.Nd5+ Ke6 42.Ne3 Ra2 43.Re4+ Kf7
44.Nc4 Kf6 45.Ne5 Be6 46.Rd4 h6 47.Nf3 Bf5 48.Kh2 Re2 49.Rd6+ Ke7 50.Rb6 Be4
51.Kg3 Ra2 52.h5 gxh5 53.Nh4 Ra3+ 54.Kh2 Kf7 55.Rxh6 Ra5 56.Rb6 Kg7 57.Rb4 Bf5
58.Nf3 Ra2 59.Rb5 Kf6 60.Rb6+ Kg7 61.Rb4 Kf6 62.Kg3 Bd7 63.Rb6+ Ke7 64.Rh6 Be8
65.Nd4 Ra3+ 66.Kh4 Ra2 67.g3 Bf7 68.Nf5+ Kd7 69.Rd6+ Ke8 70.Rb6 Rh2+ 71.Kg5 Kd8
72.Rd6+ Kc7 73.Rd3 Be8 74.Ng7 Bf7 75.Ra3 Kb7 76.Nf5 Be6 77.Nh4 Bg4 78.Rc3 Ra2
79.f5 Ra5 80.Kg6 Ra6+ 81.f6 Be6 82.Kg7 Ra4 83.f7 Rg4+ 84.Kf6 Bxf7 85.Kxf7 Kb6
86.Kf6 Kb5 87.Nf5  1-0

[Event "TCh-CRO w"]
[Site "Rabac CRO"]
[Date "2004.09.07"]
[Round "3"]
[White "Kruljac,P"]
[Black "Stadler,Bri"]
[Result "1/2-1/2"]
[WhiteElo "1910"]
[BlackElo "2141"]

1.d4 d5 2.c4 c6 3.Nf3 dxc4 4.a4 Nf6 5.e3 Bf5 6.Bxc4 e6 7.O-O Nbd7 8.Nc3 Be7
9.Bd3 Bxd3 10.Qxd3 O-O 11.Rd1 Nd5 12.e4 Nxc3 13.bxc3 Qc7 14.Ba3 Bxa3 15.Rxa3 Rfd8
16.Qb1 Qd6 17.Rb3 Nc5 18.e5 Qd7 19.Ra3 h6 20.Re1 Na6 21.Qe4 c5 22.Rb1 b6
23.a5 b5 24.Rab3 Rab8 25.Qe2 c4 26.R3b2 Nc7 27.Nd2 Nd5 28.Qf3 Qc6 29.Ne4 a6
30.Nc5 Ra8 31.Ne4 Qc7 32.Ra2 Ne7 33.Qg4 Kh8 34.Nd6 Nc6 35.Qf3 Ra7 36.Nxf7+ Qxf7
37.Qxc6 Qf5 38.Rc1 Rf8 39.Qb6 Qg5 40.Rf1 Qe7 41.Qc6 Rf5 42.Re2 Qf7 43.Qe4 Rf4
44.Qe3 Ra8 45.Rd2 Rf8 46.d5 exd5 47.e6 Qf5 48.e7 Re8 49.Rxd5 Qxd5 50.Qxf4 Kg8
51.Qe3 Qb7 52.Re1 Qd7 53.h3 Kf7 54.Qf4+ Kg8 55.Qe5 Kf7 56.Qh5+ Kg8 57.Qe5  1/2-1/2

[Event "TCh-SCG Women"]
[Site "Budva SCG"]
[Date "2004.09.09"]
[Round "2"]
[White "Prudnikova,S"]
[Black "Chelushkina,I"]
[Result "1-0"]
[WhiteElo "2402"]
[BlackElo "2373"]

1.Nf3 Nf6 2.c4 c6 3.d4 d5 4.Qc2 g6 5.Bf4 Bg7 6.e3 O-O 7.Nc3 Na6 8.Be2 Bf5
9.Qb3 dxc4 10.Bxc4 Qb6 11.Qxb6 axb6 12.O-O b5 13.Be2 b4 14.Nb1 Nd5 15.Be5 Nb6
16.Nbd2 Na4 17.e4 Bg4 18.Bxg7 Kxg7 19.Rfb1 Rfd8 20.h3 Bxf3 21.Nxf3 Nc7 22.a3 c5
23.dxc5 Nxc5 24.axb4 Nxe4 25.Rxa8 Rxa8 26.Nd4 Nd6 27.Nc2 Ne6 28.g3 h5 29.h4 Rc8
30.Bd3 Nc4 31.Na3 Nd6 32.Kg2 Nd4 33.Re1 Kf6 34.Nb1 Nc6 35.b5 Nb4 36.Be4 Nc2
37.Bxc2 Rxc2 38.Nc3 Rxb2 39.Nd5+ Kg7 40.Rxe7 Rxb5 41.Nc7 Rb2 42.Kf3 Nc4 43.Kg2 b5
44.Re4 Nd6 45.Rd4 Nf5 46.Rd7 b4 47.Ne6+ Kf6 48.Ng5 Ne3+ 49.Kf3 Ng4 50.Rxf7+ Ke5
51.Re7+ Kd5 52.Re2 Ne5+ 53.Ke3 Rb1 54.Rd2+ Kc4 55.Rd4+ Kb3 56.Ne4 Ka3 57.Kf4 Nc6
58.Rd6 Rc1 59.Nd2 Rc2 60.Rxg6 b3 61.Nxb3 Kxb3 62.f3 Rc3 63.g4 Nd4 64.gxh5 Nxf3
65.Rg3 Rc4+ 66.Kxf3 Rxh4 67.Rg5 Kc3 68.Kg3 Rh1  1-0

[Event "3rd Autumn"]
[Site "Alushta UKR"]
[Date "2004.09.11"]
[Round "3"]
[White "Kuzubov,Y"]
[Black "Hasangatin,R"]
[Result "1/2-1/2"]
[WhiteElo "2467"]
[BlackElo "2485"]

1.d4 d5 2.c4 dxc4 3.Nf3 c6 4.e3 Be6 5.a4 Nf6 6.Ne5 c5 7.Na3 cxd4 8.exd4 Bd5
9.Bxc4 e6 10.O-O Be7 11.Bg5 O-O 12.Bxd5  1/2-1/2